The practical skeptic : (Record no. 5392)
[ view plain ]
| 000 -LEADER | |
|---|---|
| fixed length control field | 02536cam a2200193 a 4500 |
| 020 ## - INTERNATIONAL STANDARD BOOK NUMBER | |
| ISBN | 0767420780 |
| 020 ## - INTERNATIONAL STANDARD BOOK NUMBER | |
| ISBN | 9780767420785 |
| 050 00 - CALL NUMBER | |
| Classification number | HM585 |
| Item number | .P73 |
| 245 04 - TITLE | |
| Title | The practical skeptic : |
| Remainder of title | readings in sociology / |
| Statement of responsibility, etc | [edited by] Lisa J. McIntyre. |
| 250 ## - EDITION | |
| Edition statement | 2nd ed. |
| 260 ## - PUBLICATION INFORMATION | |
| Place of publication | Boston : |
| Name of publisher | McGraw HIll, |
| Year of publication | c2002. |
| 300 ## - DESCRIPTION | |
| Number of Pages | xiv, 330 p. ; |
| Dimensions | 24 cm. |
| 500 ## - NOTES | |
| General note | Includes index. |
| 505 ## - FORMATTED CONTENTS NOTE | |
| Table of Content | I: The sociological imagination --<br/>The promise / C. Wright Mills --<br/>How history and sociology can help today's families / Stephanie Coontz --<br/>Hernando Washington / Lisa J. McIntyre --<br/>II: The research craft --<br/>Men as success objects and women as sex objects: a study of personal advertisements / Simon Davis --<br/>Hate in the suburbs: the rise of the skinhead counterculture / Randy Blazak --<br/>Doing the right thing: ethics in research / Lisa J. McIntyre --<br/>If Hitler asked you to electrocute a stranger, would you? Probably / Philip Meyer --<br/>III: Culture --<br/>Queer customs / Clyde Kluckhohn --<br/>Body ritual among the Nacirema / Horace Miner --<br/>The young, the rich, and the famous: individualism as an American cultural value / Poranee Natadecha-Sponsel --<br/>Rule enforcement without visible means: Christmas gift giving in Middletown / Theodore Caplow --<br/>The code of the streets / Elijah Anderson --<br/>The rule of sympathy / Candace Clark --<br/>IV: Social structure --<br/>The presentation of self in everyday life / Erving Goffman --<br/>The pathology of imprisonment / Philip G. Zimbardo --<br/>VI: Deviance and social control --<br/>The normality of crime / Emile Durkheim --<br/>The saints and the roughnecks / William J. Chambliss --<br/>On being sane in insane places / D.L. Rosenhan --<br/>Fraternities and collegiate rape culture: why are some fraternities more dangerous places for women? / A. Ayres Boswell and Joan Z. Spade --<br/>Situational ethics and college student cheating / Emily E. LaBeff, Robert E. Clark, Valerie J. Haines, and George M. Diekhoff --<br/>VII: Inequality --<br/>The land of opportunity / James Loewen --<br/>Some principles of stratification: a critical analysis / Melvin M. Tumin --<br/>The uses of poverty: the poor pay all / Herbert J. Gans --<br/>The job ghetto / Katherine Newman and Chauncy Lennon --<br/>Confessions of a nice Negro, or why I shaved my head / Robin D.G. Kelley --<br/>The model minority myth: Asian Americans confront growing backlash / Yin Ling Leung --<br/>Tales out of medical school / Adriane Fugh- Berman, M.D. |
| 650 #0 - SUBJECTS | |
| Topical Term | Sociology. |
| 650 #0 - SUBJECTS | |
| Topical Term | Social problems. |
| 700 1# - OTHER AUTHORS | |
| Personal name | McIntyre, Lisa J. |
| 942 ## - ADDED ENTRY ELEMENTS (KOHA) | |
| Koha item type | Books |
| Withdrawn status | Lost status | Collection code | Home library | Current library | Shelving location | Date acquired | Full call number | Accession Number | Koha item type |
|---|---|---|---|---|---|---|---|---|---|
| Reference | Methodist University Library Main | Methodist University Library Main | General Stacks | HM585 .P73 | 18353 | Books | |||
| Reference | Methodist University Library Main | Methodist University Library Main | General Stacks | HM585 .P73 | 18352 | Books |